Sports Quiz

Random Sports or Famous Quiz

Famous Athlete Logos Quiz Stats

Quiz Updated Jun 22, 2013

Challenge
Share
Tweet
Score 0/20 Timer 05:00
1 Play Today
# Athlete % Correct
4Michael Jordan
97.3%
2LeBron James
80%
1Tiger Woods
79.9%
7Lance Armstrong
78.2%
8Shaquille O'Neal
68.5%
3Roger Federer
63.6%
10Wayne Gretzky
57.9%
19Allen Iverson
48.2%
6David Beckham
43.3%
18Ken Griffey Jr.
41.8%
# Athlete % Correct
13Kobe Bryant
35.1%
16Barry Bonds
34.7%
20Tracy McGrady
31.8%
9Michael Phelps
23.5%
15Sidney Crosby
18.4%
5Tom Brady
17.8%
14LaDainian Tomlinson
17.4%
17Chad Ochocinco
10.4%
11Terrell Owens
6.7%
12Manny Pacquiao
5.6%

You're not logged in!

Compare scores with friends on all Sporcle quizzes.
Join for Free
OR
Log In

You Might Also Like...

Show Comments

Extras

Top Quizzes Today


Score Distribution

Your Account Isn't Verified!

In order to create a playlist on Sporcle, you need to verify the email address you used during registration. Go to your Sporcle Settings to finish the process.

Report this User

Report this user for behavior that violates our Community Guidelines.

Details: